| 000 | 00819nam a2200277Ia 4500 | ||
|---|---|---|---|
| 001 | Z_5730 | ||
| 003 | CHAP | ||
| 008 | 220113s2006 xx 000 0 und d | ||
| 010 | _a168834 | ||
| 020 | _a970-722-514-9 | ||
| 040 | _cCHAP | ||
| 082 | _a636.4 S3 | ||
| 100 |
_aSagarnaga Villegas, Leticia Myriam _9101176 |
||
| 245 |
_aPanorama económico de granjas porcinas representativas del estado de Guanajuato. 2002-2009 / _cLeticia Myriam Sagarnaga Villegas |
||
| 260 |
_aChapingo, Méx. : _bUACH. Departamento de Zootecnia, _c2006 |
||
| 300 | _a140 p. | ||
| 650 |
_aGanado porcino _xGuanajuato _945371 |
||
| 650 |
_aGranjas porcinas _950413 |
||
| 700 |
_aI. Cervantes Escoto, Fernando, Coaut. _9143099 |
||
| 901 | _a636.4 S3 | ||
| 902 | _aA | ||
| 910 | _a2006 | ||
| 942 | _c1 | ||
| 942 | _cc1 | ||
| 999 |
_c168834 _d168834 |
||